Informačná podpora pre vytváranie BIM projektov elektroinštalácií

Gespeichert in:
Bibliographische Detailangaben
1. Verfasser: Sátor, Imrich (Verfasst von)
Weitere Verfasser: Janiga, Peter (Betreuung Doktorarbeit)
Format: Manuskript Buch
Sprache:Slowakisch
Veröffentlicht: Bratislava : STU v Bratislave FEI, 2023
Schlagworte:
Online-Zugang:https://opac.crzp.sk/?fn=detailBiblioFormChildGHD7B&sid=C0DEB8E07572332BA32B0315805F&seo=CRZP-detail-kniha
Tags: Tag hinzufügen
Keine Tags, Fügen Sie das erste Tag hinzu!

MARC

LEADER 00000ntm a22000003a 4500
001 stuzp88230
003 SK-STU
005 20241126111452.3
007 ta
008 150427s2015----xo-----f-mn---000-0-slo-d
040 |a STU  |b slo 
041 0 |a slo 
044 |a xo 
100 1 |a Sátor, Imrich  |u 032000  |4 aut  |U FEI Fakulta elektrotechniky a informatiky  |T FEI Ústav elektroenergetiky a aplikovanej elektrotechniky  |X 98072  |U E020  |Y 548  |7 98072 
242 0 1 |a Information Support for Design of BIM Electrical Installations  |y eng 
245 1 0 |a Informačná podpora pre vytváranie BIM projektov elektroinštalácií 
260 |a Bratislava :  |b STU v Bratislave FEI,  |c 2023 
300 |a 139 s. 
650 4 |a BIM  |2 slo 
650 4 |a procesné a zmluvné úkony  |2 slo 
650 4 |a elektrická inštalácia  |2 slo 
650 4 |a BIM  |2 eng 
650 4 |a procedural and contractual acts  |2 eng 
650 4 |a electrical installation  |2 eng 
700 1 |a Janiga, Peter  |u 032000  |k Z1  |4 ths  |U FEI Fakulta elektrotechniky a informatiky  |T FEI Ústav elektroenergetiky a aplikovanej elektrotechniky  |X 24468  |U E020  |Y 548  |7 A000024468 
856 4 |u https://opac.crzp.sk/?fn=detailBiblioFormChildGHD7B&sid=C0DEB8E07572332BA32B0315805F&seo=CRZP-detail-kniha